ბათუმის შოთა რუსთაველის სახელმწიფო უნივერსიტეტის ბიბლიოთეკა

არქეოლოგია =Archaeology : (ბიბ.ჩანაწერი № 61568)

000 -LEADER
fixed length control field 01045nam a22001817a 4500
005 - DATE AND TIME OF LATEST TRANSACTION
control field 20240325164722.0
008 - FIXED-LENGTH DATA ELEMENTS--GENERAL INFORMATION
fixed length control field 240325c2018 ge ||||| |||| 00| 0 geo d
022 ## - INTERNATIONAL STANDARD SERIAL NUMBER
International Standard Serial Number 2449-2922
041 ## - LANGUAGE CODE
Language code of text/sound track or separate title geo
245 ## - TITLE STATEMENT
Title არქეოლოგია =Archaeology :
Remainder of title 2018. საქართველოს უნივერსიტეტის სამეცნიერო ჟურნალი /
Statement of responsibility, etc. საქართველოს უნივერსიტეტის არქეოლოგიის საერთაშორისო ცენტრი; რედაქტორები : დავით ბერიკაშვილი, ნინო სუარიძე.
260 ## - PUBLICATION, DISTRIBUTION, ETC.
Place of publication, distribution, etc. თბილისი,
Name of publisher, distributor, etc.
Date of publication, distribution, etc. 2018.
300 ## - PHYSICAL DESCRIPTION
Extent V.
653 ## - INDEX TERM--UNCONTROLLED
Uncontrolled term არქეოლოგია
653 ## - INDEX TERM--UNCONTROLLED
Uncontrolled term პერიოდიკა
700 ## - ADDED ENTRY--PERSONAL NAME
Personal name ბერიკაშვილი, დავით
Relator term რედაქტორი.
9 (RLIN) 21577
700 ## - ADDED ENTRY--PERSONAL NAME
Personal name სუარიძე, ნინო
Relator term რედაქტორი
9 (RLIN) 21578
942 ## - ADDED ENTRY ELEMENTS (KOHA)
Source of classification or shelving scheme
Koha item type პერიოდიკა
ეგზემპლარები
Withdrawn status Lost status Source of classification or shelving scheme Damaged status Not for loan Permanent Location Current Location Date acquired Serial Enumeration / chronology Barcode Date last seen Copy number Uniform Resource Identifier Price effective from Koha item type
          ბათუმის შოთა რუსთაველის სახელმწიფო უნივერსიტეტის მთავარი ბიბლიოთეკა ბათუმის შოთა რუსთაველის სახელმწიფო უნივერსიტეტის მთავარი ბიბლიოთეკა 2024-03-25 # 2 (2018) 81173 2024-03-25 81173 ბსუ-ს საპატიო დოქტორის გურამ ლორთქიფანიძის საჩუქარი 2024-03-25 პერიოდიკა